000 00297nam a22001217a 4500
082 _a894.812
_bBAL/U
100 _aK.BALAKRISHNAKURUPPU
245 _aUPANYASANGAL
260 _aCHANGANACHERRY
_bASSISSI PRINTING & PUBLISHING HOUSE
300 _a66
650 _aMALAYALAM ESSAYS
_zKERALA
942 _cBK
999 _c1055
_d1055